00525 a2200181 4500001000700000003000400007005001700011008004100028082001600069100002000085245009600105260002700201300001000228653001600238653003900254653003200293653001800325148735OSt20211011173146.0  a006.4bM52M1 aMelin, Patricia1 aModular neural networks and type-2 fuzzy systems for pattern recognitioncby Patricia Melin aBerlinbSpringerc2012 a214p. aMathematics aNeural networks (Computer science) aPattern recognition systems aFuzzy systems